[Event "DEM U10 2017"]
[Site "Willingen GER"]
[Date "2017.06.05"]
[Round "3"]
[White "Tran Minh, Hieu"]
[Black "Althaus, Lennart"]
[Result "1-0"]
[Termination "normal"]
[Board "22"]
[WhiteElo "1315"]
[BlackElo "1161"]
[PlyCount "55"]
[WhiteFideId "16244877"]
[BlackFideId "16244923"]
[EventCountry "GER"]
[EventRounds "11"]
[EventType "swiss"]
[EventDate "2017.06.03"]

1. e4 c5 2. b4 cxb4 3. a3 bxa3 4. Bxa3 g6 5. d4 Bg7 6. Nf3 d6 7. Nc3 Nf6 8. Bd3
Nc6 9. h3 Nh5 10. Bb5 Bd7 11. Qd2 a6 12. Be2 b5 13. Bb2 e6 14. Qe3 O-O 15. Na2
Ne7 16. Nd2 Rc8 17. Bxh5 gxh5 18. c4 bxc4 19. O-O Bb5 20. Rfe1 Qb6 21. Nf3 d5
22. e5 Nf5 23. Qg5 h4 24. Red1 Ba4 25. Rd2 Kh8 26. Qg4 Bh6 27. Ng5 Rg8 28.
Nxf7# 1-0

[Event "DEM U10 2017"]
[Site "Willingen GER"]
[Date "2017.06.05"]
[Round "3"]
[White "Wessel, Daniel"]
[Black "Breitkopf-Lazar, Patrick-Robert"]
[Result "0-1"]
[Termination "normal"]
[Board "23"]
[WhiteElo "1098"]
[BlackElo "1297"]
[PlyCount "42"]
[WhiteFideId "16244982"]
[BlackFideId "16213742"]
[EventCountry "GER"]
[EventRounds "11"]
[EventType "swiss"]
[EventDate "2017.06.03"]

1. e4 e5 2. Nf3 Nc6 3. Bc4 Nf6 4. Ng5 d5 5. exd5 b5 6. Bxb5 Qxd5 7. Nc3 Qxg2 8.
Rf1 Bd7 9. Bxc6 Bxc6 10. d3 Bd6 11. Qe2 O-O 12. f3 Qxe2+ 13. Nxe2 Bb4+ 14. c3
Bc5 15. d4 exd4 16. Nxd4 Rfe8+ 17. Kd1 Rad8 18. Kc2 Bxd4 19. cxd4 Rxd4 20. Rd1
Rxd1 21. Kxd1 h6 0-1

[Event "DEM U10 2017"]
[Site "Willingen GER"]
[Date "2017.06.05"]
[Round "3"]
[White "Neuwirth, Mark"]
[Black "Friedhoff, Mirco"]
[Result "1-0"]
[Termination "normal"]
[Board "24"]
[WhiteElo "1123"]
[BlackElo "1095"]
[PlyCount "71"]
[WhiteFideId "16244958"]
[BlackFideId "16243447"]
[EventCountry "GER"]
[EventRounds "11"]
[EventType "swiss"]
[EventDate "2017.06.03"]

1. e4 e5 2. Nf3 Nf6 3. Nc3 Nc6 4. Bc4 Nxe4 5. Nxe4 d5 6. Bxd5 Qxd5 7. Nc3 Qd6
8. d3 Bg4 9. h3 Bh5 10. Be3 O-O-O 11. Qe2 Nd4 12. Bxd4 exd4 13. Ne4 Qd7 14.
O-O-O Re8 15. g4 Bg6 16. Nh4 Bxe4 17. dxe4 Qe7 18. Nf3 Rd8 19. Rxd4 Rxd4 20.
Nxd4 Qd7 21. Rd1 Qa4 22. a3 Bc5 23. Nb3 Be7 24. Rd4 Qc6 25. Qc4 Qh6+ 26. Kb1
Qxh3 27. Qxf7 Bf6 28. e5 Bxe5 29. Qe6+ Kb8 30. Qxe5 Rg8 31. Qd5 Rc8 32. Nc5 c6
33. Qd7 Rc7 34. Qe8+ Rc8 35. Nd7+ Ka8 36. Qxc8# 1-0

[Event "DEM U10 2017"]
[Site "Willingen GER"]
[Date "2017.06.05"]
[Round "3"]
[White "Grabs, Peter"]
[Black "Sommer, Justus"]
[Result "1-0"]
[Termination "normal"]
[Board "25"]
[WhiteElo "1281"]
[BlackElo "1081"]
[PlyCount "63"]
[WhiteFideId "16203887"]
[BlackFideId "16245008"]
[EventCountry "GER"]
[EventRounds "11"]
[EventType "swiss"]
[EventDate "2017.06.03"]

1. e4 e5 2. Nf3 Nc6 3. Bc4 Be7 4. O-O Nf6 5. d3 O-O 6. Nc3 d6 7. h3 a6 8. a3 b5
9. Ba2 Bb7 10. Be3 Qd7 11. Qd2 Rad8 12. Rad1 Rfe8 13. Ng5 Rf8 14. f4 exf4 15.
Bxf4 Ne5 16. Nf3 Ng6 17. Be3 Nh5 18. Bg5 Bxg5 19. Nxg5 Nf6 20. d4 h6 21. Nxf7
Rxf7 22. Bxf7+ Kxf7 23. Qe2 Kg8 24. e5 Nd5 25. e6 Nxc3 26. bxc3 Qe7 27. Rf7 Qe8
28. d5 Ne7 29. Qg4 g6 30. Qd4 Nf5 31. Qf6 Nh4 32. Qg7# 1-0

[Event "DEM U10 2017"]
[Site "Willingen GER"]
[Date "2017.06.05"]
[Round "3"]
[White "Bock, Marlon"]
[Black "Fröhlich, Niklas"]
[Result "1-0"]
[Termination "normal"]
[Board "26"]
[WhiteElo "1148"]
[BlackElo "1023"]
[PlyCount "57"]
[WhiteFideId "16244931"]
[BlackFideId "16245016"]
[EventCountry "GER"]
[EventRounds "11"]
[EventType "swiss"]
[EventDate "2017.06.03"]

1. d4 d5 2. Nf3 Nf6 3. e3 e6 4. Bd3 Bd6 5. O-O O-O 6. b3 Nbd7 7. Bb2 c6 8. Ne5
Be7 9. f4 Nxe5 10. dxe5 Ne8 11. Rf3 f6 12. Rg3 f5 13. Rh3 Nc7 14. g4 Qe8 15.
Nd2 Qg6 16. Rg3 Qf7 17. Qe2 Bc5 18. g5 g6 19. h4 Kg7 20. Rh3 h5 21. gxh6+ Kh7
22. Re1 Rg8 23. Kh1 Bd7 24. Qg2 Be8 25. Nf3 Bb4 26. Ng5+ Kh8 27. Nxf7+ Bxf7 28.
c3 Ba5 29. Qg5 1-0

[Event "DEM U10 2017"]
[Site "Willingen GER"]
[Date "2017.06.05"]
[Round "3"]
[White "Hubert, Nikita"]
[Black "Krüger, Arthur"]
[Result "0-1"]
[Termination "normal"]
[Board "27"]
[WhiteElo "957"]
[BlackElo "1116"]
[PlyCount "44"]
[WhiteFideId "16235754"]
[BlackFideId "16244966"]
[EventCountry "GER"]
[EventRounds "11"]
[EventType "swiss"]
[EventDate "2017.06.03"]

1. e4 e5 2. f4 exf4 3. Nf3 d5 4. exd5 Nf6 5. Nc3 Nxd5 6. Bc4 Nxc3 7. bxc3 Bd6
8. O-O O-O 9. Re1 Bg4 10. d4 Re8 11. Rxe8+ Qxe8 12. Ng5 Bxd1 13. Bxf7+ Qxf7 14.
Nxf7 Kxf7 15. Bd2 Bxc2 16. Rc1 Bd3 17. Rd1 Bc4 18. a4 c5 19. dxc5 Bxc5+ 20. Kh1
f3 21. gxf3 Be2 22. Re1 Bxf3# 0-1

[Event "DEM U10 2017"]
[Site "Willingen GER"]
[Date "2017.06.05"]
[Round "3"]
[White "May, Alexander"]
[Black "Prizker, Maximilian"]
[Result "1/2-1/2"]
[Termination "normal"]
[Board "28"]
[WhiteElo "1112"]
[BlackElo "1016"]
[PlyCount "111"]
[WhiteFideId "16244974"]
[BlackFideId "16225686"]
[EventCountry "GER"]
[EventRounds "11"]
[EventType "swiss"]
[EventDate "2017.06.03"]

1. d4 d5 2. c4 c6 3. Nc3 e6 4. Nf3 Nf6 5. Bg5 Nbd7 6. e3 Be7 7. Be2 a6 8. O-O
O-O 9. c5 h6 10. Bh4 Re8 11. Rc1 Qa5 12. Qc2 Nf8 13. h3 Ng6 14. Bg3 Bd7 15.
Rfd1 Rac8 16. Bd3 Nf8 17. Ne2 Nh5 18. Bh2 Nf6 19. Ng3 Qd8 20. Ne5 Qa5 21. Ne2
b6 22. cxb6 Qxb6 23. a3 c5 24. Qb1 cxd4 25. Nxd7 N8xd7 26. Nxd4 Bc5 27. Nf3 Bd6
28. b4 Bxh2+ 29. Kxh2 Qd6+ 30. Kg1 e5 31. Rxc8 Rxc8 32. g4 e4 33. Bxe4 Nb6 34.
Bf5 Rd8 35. Bd3 Qe6 36. Bxa6 Na4 37. Qb3 Qxa6 38. b5 Qa5 39. Rd2 Nb6 40. Rd1
Rc8 41. Nd4 Rc3 42. Qb4 Qxb4 43. axb4 Rc4 44. Nc6 Ne4 45. Kg2 Nc3 46. Rd2 Nxb5
47. Ne7+ Kf8 48. Nxd5 Nxd5 49. Rxd5 Rxb4 50. Rd8+ Ke7 51. Rb8 Kd6 52. Kg3 Kc7
53. Rg8 g5 54. Rh8 Nd6 55. Rxh6 Ne4+ 56. Kf3 1/2-1/2

[Event "DEM U10 2017"]
[Site "Willingen GER"]
[Date "2017.06.05"]
[Round "3"]
[White "Brandstrup, Luca Alexander"]
[Black "Zinnikus, Elias"]
[Result "0-1"]
[Termination "normal"]
[Board "29"]
[WhiteElo "1083"]
[BlackElo "776"]
[PlyCount "124"]
[WhiteFideId "16244990"]
[BlackFideId "16245024"]
[EventCountry "GER"]
[EventRounds "11"]
[EventType "swiss"]
[EventDate "2017.06.03"]

1. e4 d6 2. f4 Nf6 3. d3 g6 4. Be2 Bg7 5. Nf3 O-O 6. O-O c6 7. Qe1 Nbd7 8. Qh4
e5 9. g4 Nc5 10. h3 exf4 11. Bxf4 Nfd7 12. Qxd8 Rxd8 13. Bxd6 Bxb2 14. Nbd2
Bxa1 15. Rxa1 Ne6 16. Bg3 Ndc5 17. Bh4 Rd7 18. Ne5 Rc7 19. Bf1 Nd7 20. Nec4
Ndc5 21. Ne5 Kg7 22. d4 f6 23. Bg3 Kg8 24. Nd3 Nxd3 25. Bxc7 Nxc7 26. Bxd3 Ne6
27. Bc4 b5 28. Bb3 Kg7 29. d5 cxd5 30. Bxd5 Rb8 31. Rf1 Nd4 32. Bb3 Nxb3 33.
Nxb3 Bb7 34. Re1 Rc8 35. Na5 Ba8 36. Re2 Rc3 37. Kh2 Ra3 38. Nb3 Rxa2 39. Nd4
a6 40. e5 fxe5 41. Rxe5 Kf7 42. g5 Bc6 43. Rc5 Be4 44. Rc7+ Kg8 45. Kg3 b4 46.
Kf4 Bg2 47. h4 Ra1 48. Ke5 Re1+ 49. Kd6 Re8 50. Kd7 Ra8 51. Ke7 Bd5 52. Rd7 Bc4
53. Rc7 Bd5 54. Ne2 a5 55. Rc5 Bf7 56. Kf6 a4 57. Nc1 a3 58. Rc6 a2 59. Nb3
Bxb3 60. cxb3 a1=Q+ 61. Ke6 Qe1+ 62. Kf6 Rf8# 0-1